000 00646nam a2200217 a 4500
001 BRCA_2756
005 20190320203945.0
008 051208s1962----gw-a---###---#000-0#ger-u
050 4 _aN6370
_b.P58 1962
100 1 _aPlumb, John Harold
_97757
245 1 0 _aDas grosse Knaur-Buch der Renaissance
_cvon John H. Plumb.
260 _aMunchen
_bD. Knaur
_c1962
300 _a432 p.
_bil.
_c31 cm.
500 _aIncluye referencias museográficas e índice analítico.
500 _aAA77
650 1 4 _aEscultura renacentista
_97758
650 1 4 _aPintura renacentista
_97759
650 1 4 _aArte renacentista
_97760
902 _aGFM
942 _2lcc
_cB
999 _c2496
_d2496